000 01098cam a2200361Ma 4500
001 ocn701616596
003 TZ-ArACH
005 20111010111244.0
008 101112s2010 be 000 0 fre d
020 _a9782802730026
035 _a(OCoLC)701616596
040 _aLVB
_bfre
_cTZ-ArACH
_dCHRRO
041 _aFre
049 _aTZAA
050 1 4 _aK3240
055 4 _a.L6652
100 1 _aLevinet, Michel.
_92690
245 1 0 _aThéorie générale des droits et libertés /
_cMichel Levinet.
250 _a3e éd. refondue.
300 _a648 p.
490 1 _aDroit & justice ;
_v94
504 _aBibliogr.
650 6 _aLiberté.
_92691
650 6 _aDroits de l'homme.
_92692
650 6 _aDroits de l'homme (Droit international)
_92693
650 7 _adroits fondamentaux.
_92694
650 7 _adroits de l'homme.
_92695
650 7 _aCivil Rights
_92696
650 7 _aHuman rights
_92697
830 0 _aDroit et justice ;
_v94.
_92698
942 _2lcc
_cBOOK
999 _c1390
_d1390